000 nam a22 7a 4500
999 _c9690
_d9690
008 180206b ||||| |||| 00| 0 eng d
100 _aRohit publication
_95518
245 _aCBSE Sample papers : Hindi course - A
260 _aNew Delhi
_bRohit Publication
_c2008